Unemployment in Columbus, Ohio, 1921 to 1925, (Record no. 35819)

MARC details
000 -LEADER
fixed length control field 01267cam a22002891 4500
001 - CONTROL NUMBER
control field l 26000206
003 - CONTROL NUMBER IDENTIFIER
control field DLC
005 - DATE AND TIME OF LATEST TRANSACTION
control field 20260227111530.0
008 - FIXED-LENGTH DATA ELEMENTS--GENERAL INFORMATION
fixed length control field 910813s1926 dcua 000 0 eng c
010 ## - LIBRARY OF CONGRESS CONTROL NUMBER
LC control number l 26000206
035 ## - SYSTEM CONTROL NUMBER
System control number (OCoLC)24225437
040 ## - CATALOGING SOURCE
Original cataloging agency U.S. Dept. of Labor
Transcribing agency CLU
Modifying agency CLU
-- DLC
042 ## - AUTHENTICATION CODE
Authentication code premarc
050 00 - LIBRARY OF CONGRESS CALL NUMBER
Classification number HD8051
Item number .A5 no. 409
051 ## - LIBRARY OF CONGRESS COPY, ISSUE, OFFPRINT STATEMENT
Copy information Another issue.
100 1# - MAIN ENTRY--PERSONAL NAME
Personal name Croxton, Frederick Emory,
Dates associated with a name 1899-1991.
245 10 - TITLE STATEMENT
Title Unemployment in Columbus, Ohio, 1921 to 1925,
Statement of responsibility, etc. by Frederick E. Croxton ... June, 1926.
260 ## - PUBLICATION, DISTRIBUTION, ETC.
Place of publication, distribution, etc. Washington,
Name of publisher, distributor, etc. Govt. Print. Off.,
Date of publication, distribution, etc. 1926.
300 ## - PHYSICAL DESCRIPTION
Extent iii, 35 p. incl. tables.
Dimensions 23 cm.
490 1# - SERIES STATEMENT
Series statement Bulletin of the United States Bureau of Labor Statistics,
Volume/sequential designation no. 409
Series statement Employment and unemployment series
500 ## - GENERAL NOTE
General note At head of title: U.S. Department of Labor. James J. Davis, secretary. Bureau of Labor Statistics. Ethelbert Stewart, commissioner.
500 ## - GENERAL NOTE
General note Published also as thesis (PH. D.) Columbia University, 1926.
500 ## - GENERAL NOTE
General note Issued also as House doc. 131, 69th Cong., 1st sess.
650 #0 - SUBJECT ADDED ENTRY--TOPICAL TERM
Topical term or geographic name entry element Unemployed
Geographic subdivision Ohio
-- Columbus.
710 1# - ADDED ENTRY--CORPORATE NAME
Corporate name or jurisdiction name as entry element United States.
Subordinate unit Bureau of Labor Statistics.
810 1# - SERIES ADDED ENTRY--CORPORATE NAME
Corporate name or jurisdiction name as entry element United States.
Subordinate unit Bureau of Labor Statistics.
Title of a work Bulletin.
Name of part/section of a work Employment and unemployment series.

No items available.

Powered by Koha